Waterloo / (Record no. 110127)
[ view plain ]
| 000 -LEADER | |
|---|---|
| fixed length control field | 01148cam a2200277 i 4500 |
| 001 - CONTROL NUMBER | |
| control field | ocn778977752 |
| 003 - CONTROL NUMBER IDENTIFIER | |
| control field | OCoLC |
| 005 - DATE AND TIME OF LATEST TRANSACTION | |
| control field | 20241220140740.0 |
| 008 - FIXED-LENGTH DATA ELEMENTS--GENERAL INFORMATION | |
| fixed length control field | 221118s2023 onc 000 1 eng d |
| 020 ## - INTERNATIONAL STANDARD BOOK NUMBER | |
| International Standard Book Number | 9780140294392 |
| 040 ## - CATALOGING SOURCE | |
| Original cataloging agency | TXMCL |
| Language of cataloging | eng |
| Transcribing agency | TXMCL |
| Modifying agency | T7F |
| -- | OCLCQ |
| -- | TXBXL |
| -- | OCLCO |
| -- | OCLCF |
| -- | UINTA |
| Description conventions | rda |
| 082 00 - DEWEY DECIMAL CLASSIFICATION NUMBER | |
| Classification number | F Cornwell |
| 092 ## - LOCALLY ASSIGNED DEWEY CALL NUMBER (OCLC) | |
| Classification number | F Cornwell |
| 100 1# - MAIN ENTRY--PERSONAL NAME | |
| Personal name | Cornwell, Bernard. |
| 9 (RLIN) | 6271224 |
| 245 10 - TITLE STATEMENT | |
| Title | Waterloo / |
| Statement of responsibility, etc | Bernard Cornwell. |
| 260 ## - PUBLICATION, DISTRIBUTION, ETC. (IMPRINT) | |
| Place of publication, distribution, etc | New York : |
| Name of publisher, distributor, etc | Penguin Books, |
| Date of publication, distribution, etc | c1987. |
| 264 ## - Production, Publication, Distribution, Manufacture, and Copyright Notice. | |
| Place of production, publication, distribution, manufacture | New York, NY : |
| Name of producer, publisher, distributor, manufacturer | Penguin Group, |
| Date of production, publication, distribution, manufacture, or copyr | 1987 |
| 300 ## - PHYSICAL DESCRIPTION | |
| Extent | 378 p. |
| 336 ## - Content Type | |
| Content type term | text |
| 337 ## - Media type | |
| Media type term | unmediated |
| 338 ## - Carrier type | |
| Carrier type term | volume |
| 520 ## - SUMMARY, ETC. | |
| Summary, etc | Just as Sharpe comes face-to-face with his estranged wife and her lover at a grand society ball, news comes that the British-Prussian link is under attack. In the Battle of Waterloo, Sharpe once again plays a pivotal role in the outcome of a great British triumph. |
| 650 #0 - SUBJECT ADDED ENTRY--TOPICAL TERM | |
| Topical term or geographic name as entry element | Waterloo, Battle of, Waterloo, Belgium, 1815 |
| Form subdivision | Fiction. |
| 9 (RLIN) | 6370853 |
| 651 #0 - SUBJECT ADDED ENTRY--GEOGRAPHIC NAME | |
| Geographic name | Great Britain |
| General subdivision | History, Military |
| Chronological subdivision | 19th century |
| Form subdivision | Fiction. |
| 9 (RLIN) | 5673966 |
| 942 ## - ADDED ENTRY ELEMENTS (KOHA) | |
| Koha item type | BOOK |
| Source of classification or shelving scheme | Dewey Decimal Classification |
| Withdrawn status | Lost status | Source of classification or shelving scheme | Damaged status | Not for loan | Collection code | Home library | Current library | Shelving location | Date acquired | Source of acquisition | Cost, normal purchase price | Total Checkouts | Total Renewals | Full call number | Barcode | Date last seen | Date checked out | Cost, replacement price | Price effective from | Koha item type |
|---|---|---|---|---|---|---|---|---|---|---|---|---|---|---|---|---|---|---|---|---|
| Dewey Decimal Classification | Fiction | Wasatch County Library | Wasatch County Library | First Floor | 02/25/2020 | Donation | 13.00 | 8 | 4 | F Cornwell | 34301001680224 | 03/04/2025 | 02/20/2025 | 13.00 | 03/20/2020 | BOOK |
